|
|
|
|
| LEADER |
00000cam a2200000 a 4500 |
| 001 |
vtls008313880 |
| 003 |
SK-MaSNL |
| 005 |
20260301074907.0 |
| 008 |
231120s1970 xo g 000 e slo |
| 015 |
|
|
|a SNBA1970/02-00465
|
| 020 |
|
|
|q (viaz.)
|
| 035 |
|
|
|a SK01SNK19700006097
|
| 035 |
|
|
|a urn:nbn:sk:snk-amydbj
|
| 035 |
|
|
|a urn:nbn:sk:snk-am00chdf
|
| 035 |
|
|
|a 92888AD8-2547-4A57-89C7-8380E8978E55
|
| 035 |
|
|
|a SKM000008560
|
| 040 |
|
|
|a SNK
|b slo
|c SNK
|e AACR2
|
| 041 |
0 |
|
|a slo
|
| 043 |
|
|
|a e-xo---
|
| 044 |
|
|
|a xo
|c SK
|
| 072 |
|
7 |
|a 94(437.6)
|x Dejiny Slovenska
|2 konspekt
|
| 080 |
|
|
|a 94(437.6)
|2 2001
|
| 080 |
|
|
|a (0:82-4)
|2 2001
|
| 100 |
1 |
|
|a Mináč, Vladimír,
|d 1922-1996
|4 aut
|9 103107
|
| 245 |
1 |
0 |
|a Dúchanie do pahrieb
|c Vladimír Mináč
|
| 250 |
|
|
|a 1. vyd.
|
| 260 |
|
|
|a Bratislava
|b Smena
|c 1970
|
| 300 |
|
|
|a 125 s.
|c 21 cm
|
| 366 |
|
|
|e 3500 výt.
|
| 500 |
|
|
|a Podpis autora
|
| 648 |
|
7 |
|a 19. stor.
|2 SNKPH
|9 278793
|
| 650 |
0 |
7 |
|a Slovenské povstanie (1848-1849)
|2 SNKPH
|9 178260
|
| 651 |
|
7 |
|a Slovensko
|x dejiny
|2 SNKPH
|9 13278
|
| 655 |
|
7 |
|a eseje
|2 SNKPH
|9 57030
|
| 852 |
|
|
|a Slovenská národná knižnica
|
| 954 |
|
|
|a odborná, vedecká literatúra pôvodná (slovenská)
|2 lita
|
| 958 |
|
|
|a OND
|
| 958 |
|
|
|a RK
|
| 958 |
|
|
|a EUIPO
|
| 999 |
|
|
|c 648552
|d 650482
|
| 952 |
|
|
|a SNK
|b SNK
|y PREZ
|7 0
|p 17A0592382
|o snkSD 36776
|i snkKSP 2208/70
|z Podpis autora
|0 0
|1 0
|4 0
|d 2009-04-14
|f 1
|l 0
|r 2026-02-23 18:14:37
|w 2026-02-23
|
| 952 |
|
|
|a SNK
|b SNK
|y VYP
|7 0
|p 17A0486030
|o snkSD 36776 D1
|i snkKSP 2209/70
|0 0
|1 0
|4 0
|d 2009-04-14
|l 0
|r 2026-02-23 18:14:37
|w 2026-02-23
|